View of Scotland/Love Poem Liz Lochhead Quotes - Statistics

General Stats
  • This quiz has been taken 18 times
  • The average score is 8 of 10
Answer Stats
Line Quote % Correct
23 {Darling}, it's thirty years since
100%
12 Down on her hands and {knees}at ten at night on Hogmanay
100%
4950 There is no time like thepresent for a {kiss}.
100%
1920 A new view of {Scotland}with a dangling calendar
86%
4647 {golden} crusts on steak pieslike quilts on a double bed
86%
16 If we're to even {hope} to prosper
86%
7 Though we do not expect {anyone}
86%
3334 All over the {city}off-licenses pull down their shutters,
71%
4142 43 (for to even hope to {prosper}this midnight must find us how we would like to be).
71%
45 (This is tooordinary to be {nostalgia}.)
57%
No matching quizzes found
Score Distribution
Percent of People with Each Score
Percentile by Number Answered
Your Score History
You have not taken this quiz